La mirada del espejo.

Na minha lista:
Detalhes bibliográficos
Autor principal: Calderón, Alfonso (autor)
Formato: Livro
Idioma:espanhol
Publicado em: Santiago, Chile: RIL Editores, 2001.
Assuntos:
Tags: Adicionar Tag
Sem tags, seja o primeiro a adicionar uma tag!

MARC

LEADER 00000nam a22000007a 4500
003 CL-VaPUC
005 20250407202448.0
008 250317t2001 ||||| |||| 00| 0 spa d
999 |c 447370  |d 447368 
020 |a 956-284-179-0 
040 |c Pontificia Universidad Católica de Valparaíso 
082 |2 22  |a Ch861.5 CAL 2001 
100 |9 311028  |a Calderón, Alfonso  |e autor 
245 |a La mirada del espejo. 
260 |a Santiago, Chile:  |b RIL Editores,  |c 2001. 
300 |a 261 páginas. 
500 |a c.1 Instituto Arcos. 08-01-2025 
583 |c 20250317  |k Yessy Sthefany Diaz Vidal 
600 |a Calderón, Alfonso  |x Ensayista, poeta y novelista chileno  |v Compilación  |9 896908 
650 0 |9 268403  |a Poesía chilena   |y Siglo 21 
942 |2 ddc  |c BK  |n 0 
952 |0 0  |1 0  |2 ddc  |4 0  |6 CH_861_500000000000000_CAL_2001  |7 0  |8 A  |9 601321  |a BIBINC  |b BIBINC  |d 2025-03-17  |e Instituto Arcos  |i 5666050  |o Ch861.5 CAL 2001  |p 5666050  |r 2025-03-17  |t 1  |w 2025-03-17  |y BK  |k IFP